Najlepsi w historii Polacy w danym sporcie - Statystyki

Ogólne statystyki
  • Ten quiz został rozwiązany 89 razy
  • Średni wynik to 16 z 33
Statystyki odpowiedzi
DYSCYPLINY ODPOWIEDZI % Poprawnych
PIŁKA NOŻNA Robert Lewandowski
99%
SKOKI NARCIARSKIE Adam Małysz
84%
SKOKI NARCIARSKIE Kamil Stoch
82%
KOSZYKÓWKA Marcin Gortat
80%
TENIS Iga Świątek
75%
F1 Robert Kubica
72%
SIATKÓWKA MĘŻCZYZN Bartosz Kurek
71%
BIEGI NARCIARSKIE Justyna Kowalczyk
67%
STRONGMAN Mariusz Pudzianowski
67%
RZUT MŁOTEM (KOBIETA) Anita Włodarczyk
64%
SKOK O TYCZCE Piotr Lisek
63%
ŻUŻEL Bartosz Zmarzlik
57%
BOKS Andrzej Gołota
52%
UFC (MĘŻCZYZNA) Jan Błachowicz
48%
ŻUŻEL Tomasz Gollob
48%
PŁYWANIE Otylia Jędrzejczak
47%
UFC (KOBIETA) Joanna Jędrzejczyk
45%
KOLARSTWO Rafał Majka
45%
KOLARSTWO Michał Kwiatkowski
41%
PCHNIĘCIE KULĄ Tomasz Majewski
41%
RZUT MŁOTEM (MĘŻCZYZNA) Wojciech Nowicki
41%
BIATHLON Tomasz Sikora
40%
PIŁKA RĘCZNA Karol Bielecki
37%
ŁYŻWIARSTWO SZYBKIE Zbigniew Bródka
37%
PIŁKA RĘCZNA Sławomir Szmal
36%
BIEGANIE Irena Szewińska
35%
DART Krzysztof Ratajski
33%
HOKEJ Mariusz Czerkawski
29%
SIATKÓWKA KOBIET Małgorzata Glinka
27%
RAJDY SAMOCHODOWE Kajetan Kajetanowicz
25%
SKOK O TYCZCE Władysław Kozakiewicz
23%
KOLARSTWO Czesław Lang
19%
RAJDY SAMOCHODOWE Robert Kubica
13%
Nie znaleziono quizów pasujących do podanych kryteriów
Rozkład punktacji
Procent ludzi z każdym wynikiem
Percentyl według liczby udzielonych odpowiedzi
Twoja historia wyników
Nie rozwiązałeś tego quizu